مير ے منتخب پيش لفظ (تنقيد و تجز يہ) (Record no. 180077)

MARC details
000 -LEADER
fixed length control field 00691nam a22001937a 4500
005 - DATE AND TIME OF LATEST TRANSACTION
control field 20210723111441.0
010 ## - LCCN (DPL NO)
LC control number UR-11156
020 ## - INTERNATIONAL STANDARD BOOK NUMBER
Terms of availability 500.00
International Standard Book Number 9789390789061
035 ## - SYSTEM CONTROL NUMBER
System control number U-9711
037 ## - SOURCE OF ACQUISITION
Source of stock number/acquisition DBAD/PUB
082 ## - DEWEY DECIMAL CLASSIFICATION NUMBER
Classification number 840.08
100 ## - MAIN ENTRY--PERSONAL NAME
Personal name کر ا مت علی کر ا مت
245 ## - TITLE STATEMENT
Title مير ے منتخب پيش لفظ (تنقيد و تجز يہ)
Statement of responsibility, etc کر ا مت علی کر ا مت
246 ## - VARYING FORM OF TITLE
Title proper/short title Mere Muntakhab Pesh Lafz (Urdu)
Remainder of title by Karamat Ali Karamat
260 ## - PUBLICATION, DISTRIBUTION, ETC. (IMPRINT)
Place of publication, distribution, etc N.Delhi
Date of publication, distribution, etc 2021 ء
Name of publisher, distributor, etc Educational Publishing House
270 ## - ADDRESS
Address D-1/16, Ansari Road, Darya Ganj,
City N.Delhi
Postal code 110002
Fax number -
300 ## - PHYSICAL DESCRIPTION
Extent 480 ص
Dimensions 22 Cm(Hb)
942 ## - ADDED ENTRY ELEMENTS (KOHA)
Source of classification or shelving scheme Dewey Decimal Classification
Item type Urdu Bks
Classification part 840.08
Call number prefix ک ر ا
Holdings
Withdrawn status Lost status Not for loan Collection code Home library Current library Date acquired Source of acquisition Cost, normal purchase price Full call number Barcode Copy number Cost, replacement price Koha item type
    Not For Loan Non-fiction D.B.Act.Division Central Library 23/07/2021 DBAD/PUB 500.00 840.08ک ر ا U-9711 1 500.00 Urdu Bks

© Delhi Public Library
Hit Counter
free hit counter